Régimen penal y tratamiento jurisprudencial de la tenencia ilícita de armas /

Gespeichert in:
Bibliographische Detailangaben
1. Verfasser: Cruz Blanca, María José (autor)
Format: Buch
Sprache:Spanisch
Veröffentlicht: Madrid, España : Dykinson, 2005, c2005
Schriftenreihe:(Ensayos Penales ; 4)
Schlagworte:
Tags: Tag hinzufügen
Keine Tags, Fügen Sie das erste Tag hinzu!

MARC

LEADER 00000nam^a2200000^a^4500
001 000183693
005 20250521000000.0
009 20260310102048.29
020 |a 84-9772-704-5 
037 |a Acervo ITESO - Biblioteca 
041 |a ESP 
082 |a 345. 460243  |b CRU 
100 |a Cruz Blanca, María José  |e (autor) 
245 1 0 |a Régimen penal y tratamiento jurisprudencial de la tenencia ilícita de armas /  |c M.J. Cruz Blanca. 
264 4 |a Madrid, España :  |b Dykinson,  |c 2005, c2005 
300 |a 189 p. 
336 |a texto  |b txt  |2 rdacontenido 
337 |a sin mediación  |b n  |2 rdamedio 
338 |a volumen  |b nc  |2 rdasoporte 
440 1 |a (Ensayos Penales ;  |v 4) 
649 |a XX 
650 |a Armas de Fuego -  |z España -  |x Leyes y Reglamentos 
650 |a Seguridad Pública -  |z España -  |x Leyes y Reglamentos 
650 |a Derecho Procesal Penal -  |z España 
650 |a Derecho Penal -  |z España 
650 |a Derecho Público -  |z España 
910 |a Fondo General 
920 |a Impresos - Libros 
930 |a Colección General 
905 |a 101 
901 |a 0500124036  |b IT1  |c ACC  |u 20250521 
902 |a https://opac.biblio.iteso.mx/vufind/Record/000183693